Prediktívne škálovanie virtuálnych softvérových platforiem na báze umelej inteligencie

Uložené v:
Podrobná bibliografia
Hlavný autor: Vidiečan, Matúš (Autor)
Ďalší autori: Bobák, Martin (Vedúci práce)
Médium: Rukopis Kniha
Jazyk:Slovak
Vydavateľské údaje: 2024
Predmet:
On-line prístup:http://is.stuba.sk/zp/portal_zp.pl?podrobnosti=177181
Tagy: Pridať tag
Žiadne tagy, Buďte prvý, kto otaguje tento záznam!

MARC

LEADER 00000ntm a22000003a 4500
001 stuzp100168
003 SK-STU
005 20240608213543.2
007 ta
008 150427s2015----xo-----f-mn---000-0-slo-d
040 |a STU  |b slo 
041 0 |a slo 
100 1 |a Vidiečan, Matúš  |u 070200  |4 aut  |U FIIT Fakulta informatiky a informačných technológií  |T FIIT Ústav informatiky, informačných systémov a softvérového inžinierstva  |X 103176  |U I200  |Y 179  |7 103176 
242 0 1 |a AI-Based Predictive Scaling of Virtual Software Platforms  |y eng 
245 1 0 |a Prediktívne škálovanie virtuálnych softvérových platforiem na báze umelej inteligencie 
260 |c 2024 
650 4 |a časový rad  |2 slo 
650 4 |a výpočtové prostriedky  |2 slo 
650 4 |a škálovanie  |2 slo 
650 4 |a model  |2 slo 
650 4 |a záťaž  |2 slo 
650 4 |a predikcia  |2 slo 
650 4 |a pod  |2 slo 
650 4 |a utilizácia  |2 slo 
650 4 |a time series  |2 eng 
650 4 |a prediction  |2 eng 
650 4 |a utilization  |2 eng 
650 4 |a load  |2 eng 
650 4 |a computational resources  |2 eng 
650 4 |a scaling  |2 eng 
650 4 |a pod  |2 eng 
650 4 |a model  |2 eng 
700 1 |a Bobák, Martin  |u 070200  |k Z8  |4 ths  |U FIIT Fakulta informatiky a informačných technológií  |T FIIT Ústav informatiky, informačných systémov a softvérového inžinierstva  |X 65408  |U I200  |Y 179  |7 65408 
856 4 |u http://is.stuba.sk/zp/portal_zp.pl?podrobnosti=177181